=LDR 00000nam 2200000 4500 =001 INLIS000000000059183 =005 20211026090509 =035 ##$$a 0010-1021000631 =007 ta =008 211026###########################0#ind## =020 ##$$a 979-9294-09-6 =082 ##$$a 321.09 =084 ##$$a 321.09 Nur p =245 1#$$a Peluang & Tantangan Otonomi Daerah /$c Dra. Nur Rif ' ah Masykur =300 ##$$a 92 halaman ; $c 20 cm =650 #4$$a Otonomi Daerah, Perubahan dalam Sistem Pemerintahan =264 ##$$a Depok :$b Permata Artistika Kreasi,$c 2001 =336 ##$$a teks$2 rdacontent =337 ##$$a lain-lain$2 rdamedia =338 ##$$a lain-lain$2 rdacarrier =990 ##$$a 24692469